00518nam a22001457a 450000500170000000800410001702000280005804100130008608200130009910000410011224501110015326000560026430000260032065000260034620240122064455.0240122b |||||||| |||| 00| 0 eng d a0409003301 ; 0409003824 aEnglish  a349 JOU  aJoubert, WA and Scott, TJ lEnglish  aThe Law of South Africa : Stock Exchange and Unit Trusts to Tenant Protection / cWA Joubert and TJ Scott  aDurban : bButterworth Publishers (Pty) Ltd, c1986 b367 pages ; c26 cm.  aLegal practice bLaw